000
00213nam a2200097Ia 4500
008
230907s9999||||xx |||||||||||||| ||und||
082
_a
306.01
_b
TAL
245
0
_a
Talking bodies /
300
_a
233 p.
942
_c
BK
999
_c
600166
_d
600166